000 00512nam a2200193 a 4500
001 1762240057244
003 YourLibrary
005 20251104124506.0
008 251104s2009##################000#0#eng##
020 _a9780736052955
082 0 4 _a613.2024
_bMAN
100 1 _aManore, Melinda,
_eauthor.
245 1 0 _aSport Nutrition for Health and Performance :
260 _bHuman Kinetics,
_c2009.
300 _a566 pages
650 0 _aCooking.
942 _cENGLISH
040 _aYourLibrary
_beng
_cYourLibrary
999 _c595613
_d595613